[Event "Warsaw-ch opB 66th"]
[Site "Warsaw"]
[Date "2013.05.13"]
[Round "3"]
[White "Szymankiewicz, Jan"]
[Black "Nowak, Edward"]
[Result "0-1"]
[WhiteElo "1481"]
[BlackElo "1766"]
[PlyCount "46"]
[EventDate "2013.05.11"]
[EventType "swiss"]
[EventRounds "9"]
[EventCountry "POL"]
[SourceTitle "CBM 154 Extra"]
[Source "ChessBase"]
[SourceDate "2013.06.25"]
[SourceVersion "2"]
[SourceVersionDate "2013.06.25"]
[SourceQuality "1"]

1. Nf3 f5 2. g3 Nf6 3. Bg2 e6 4. d3 Be7 5. Nbd2 d6 6. b3 e5 7. Bb2 Nc6 8. e3 0-0 9. 0-0 Bd7 10. h3 Qe8 11. Nh2 Qg6 12. f4 Qxg3 13. Rf3 Qg6 14. Qe1 Nh5 15. Kh1 Rae8 16. Qf2 e4 17. dxe4 fxe4 18. Nxe4 Qxe4 19. Rg3 Nxg3+ 20. Qxg3 Qg6 21. Ng4 Bxg4 22. hxg4 Bf6 23. f5 Qh6+ 0-1

[Event "Warsaw-ch opB 65th"]
[Site "Warsaw"]
[Date "2012.05.31"]
[Round "6"]
[White "Kaczkowski, Maciej"]
[Black "Nowak, Edward"]
[Result "1/2-1/2"]
[WhiteElo "1565"]
[BlackElo "1782"]
[PlyCount "75"]
[EventDate "2012.05.26"]
[EventType "swiss"]
[EventRounds "9"]
[EventCountry "POL"]
[SourceTitle "EXT 2014"]
[Source "ChessBase"]
[SourceDate "2013.11.20"]
[SourceVersion "1"]
[SourceVersionDate "2013.11.20"]
[SourceQuality "1"]

1. e4 Nf6 2. Nc3 d5 3. exd5 Nxd5 4. Bc4 Nb6 5. Bb3 Nc6 6. h3 g6 7. Nf3 Bg7 8. 0-0 0-0 9. d3 h6 10. Be3 e5 11. Ne4 Kh7 12. Bc5 Ne7 13. Re1 Nd7 14. Bb4 a5 15. Bc3 Nc6 16. a3 Nd4 17. Bxd4 exd4 18. Re2 Nf6 19. Nxf6+ Bxf6 20. Qe1 Bd7 21. Ne5 Kg7 22. Kh2 c6 23. Nxd7 Qxd7 24. Re4 Rfe8 25. Qe2 Kf8 26. Re1 Rxe4 27. dxe4 Be5+ 28. g3 Re8 29. f4 Bg7 30. e5 Qe7 31. Qc4 c5 32. Kg2 Qc7 33. Kf2 Re7 34. Qd5 Rd7 35. Qe4 Re7 36. Qd5 Rd7 37. Qe4 Re7 38. Qd5 1/2-1/2

[Event "Warsaw-ch opB 65th"]
[Site "Warsaw"]
[Date "2012.05.27"]
[Round "2"]
[White "Golecki, Jan"]
[Black "Nowak, Edward"]
[Result "0-1"]
[WhiteElo "1313"]
[BlackElo "1782"]
[PlyCount "72"]
[EventDate "2012.05.26"]
[EventType "swiss"]
[EventRounds "9"]
[EventCountry "POL"]
[SourceTitle "EXT 2014"]
[Source "ChessBase"]
[SourceDate "2013.11.20"]
[SourceVersion "1"]
[SourceVersionDate "2013.11.20"]
[SourceQuality "1"]

1. e4 Nf6 2. e5 Nd5 3. d4 d6 4. Nf3 Bg4 5. Be2 e6 6. h3 Bh5 7. 0-0 Be7 8. c4 Nb6 9. Nc3 Nc6 10. b3 0-0 11. Bb2 d5 12. c5 Nc8 13. Bc1 f6 14. Bf4 Bxf3 15. Bxf3 fxe5 16. dxe5 Rxf4 17. Ne2 Rf8 18. Bg4 Qd7 19. Nd4 Nxd4 20. Qxd4 a5 21. a4 Na7 22. f4 Nc6 23. Qd2 Bxc5+ 24. Kh1 Ne7 25. Rac1 b6 26. Qd3 Nf5 27. Bxf5 Rxf5 28. g4 Rff8 29. Kh2 Qe7 30. Kg3 Rad8 31. Rc2 g5 32. f5 exf5 33. Rxf5 Rxf5 34. gxf5 Qxe5+ 35. Kg4 Qf4+ 36. Kh5 Qh4# 0-1

[Event "Warsaw-ch opB 64th"]
[Site "Warsaw"]
[Date "2011.05.13"]
[Round "7"]
[White "Nowak, Edward"]
[Black "Szustakowski, Antoni"]
[Result "1/2-1/2"]
[WhiteElo "1833"]
[BlackElo "1437"]
[PlyCount "68"]
[EventDate "2011.05.07"]
[EventType "swiss"]
[EventRounds "9"]
[EventCountry "POL"]
[SourceTitle "EXT 2012"]
[Source "ChessBase"]
[SourceDate "2011.11.24"]
[SourceVersion "1"]
[SourceVersionDate "2011.11.24"]
[SourceQuality "1"]

1. c4 c5 2. Nf3 Nc6 3. Nc3 g6 4. g3 Bg7 5. Bg2 Nf6 6. d4 cxd4 7. Nxd4 0-0 8. 0-0 Ng4 9. Nxc6 dxc6 10. Qb3 Nf6 11. h3 Rb8 12. Bf4 Ra8 13. Rfd1 Nd7 14. Be3 Qc7 15. Ne4 Re8 16. Rac1 c5 17. Qa3 Qb6 18. b3 Qb4 19. Bxc5 Qxa3 20. Bxa3 Nf6 21. Nc5 Rb8 22. Bb2 Nh5 23. Bxg7 Nxg7 24. Nd7 Ra8 25. c5 Ne6 26. c6 Nd8 27. cxb7 Bxb7 28. Bxb7 Nxb7 29. Ne5 Nd6 30. Rc7 Kf8 31. Nd7+ Kg7 32. Ne5 Kf8 33. Nd7+ Kg7 34. Ne5 Kf8 1/2-1/2

[Event "Warsaw-ch opB 64th"]
[Site "Warsaw"]
[Date "2011.05.10"]
[Round "4"]
[White "Wilczynski, Adam"]
[Black "Nowak, Edward"]
[Result "1-0"]
[WhiteElo "1715"]
[BlackElo "1833"]
[PlyCount "97"]
[EventDate "2011.05.07"]
[EventType "swiss"]
[EventRounds "9"]
[EventCountry "POL"]
[SourceTitle "EXT 2012"]
[Source "ChessBase"]
[SourceDate "2011.11.24"]
[SourceVersion "1"]
[SourceVersionDate "2011.11.24"]
[SourceQuality "1"]

1. c4 Nf6 2. g3 c5 3. Bg2 Nc6 4. Nc3 g6 5. Nf3 Bg7 6. 0-0 0-0 7. d4 cxd4 8. Nxd4 Nxd4 9. Qxd4 d6 10. h3 Nd7 11. Qd5 Nc5 12. Qd1 Rb8 13. e4 Bd7 14. Be3 Bc6 15. Bd4 e5 16. Be3 a6 17. b4 Ne6 18. a4 b5 19. cxb5 axb5 20. a5 Qe7 21. Nd5 Bxd5 22. Qxd5 Nd4 23. Kh2 Nc2 24. Rab1 Nxe3 25. fxe3 Qa7 26. Rbc1 Rfd8 27. Rc6 Bf8 28. Rf3 Rd7 29. Bf1 Kg7 30. h4 Rdb7 31. Rc3 Kg8 32. g4 Rd7 33. Rf2 h6 34. h5 g5 35. Kg3 Qb7 36. Rfc2 Be7 37. Rc6 Qa7 38. Kf3 Rdb7 39. Rc8+ Kg7 40. Rxb8 Qxb8 41. Qc6 Bd8 42. Qc8 Bc7 43. Qxb8 Bxb8 44. Rc8 Bc7 45. Bd3 Kf6 46. Bc2 Ke7 47. Bb3 Kd7 48. Ra8 Bb8 49. Bd5 1-0

[Event "POL-chT3 Mazowiecki"]
[Site "Warsaw"]
[Date "2011.02.06"]
[Round "6.35"]
[White "Nowak, Edward"]
[Black "Duniec, Mateusz"]
[Result "1/2-1/2"]
[WhiteElo "1846"]
[BlackElo "1553"]
[PlyCount "29"]
[EventDate "2011.01.09"]
[EventType "team-tourn"]
[EventRounds "10"]
[EventCountry "POL"]
[SourceTitle "EXT 2015"]
[Source "ChessBase"]
[SourceDate "2014.11.20"]
[SourceVersion "1"]
[SourceVersionDate "2014.11.20"]
[SourceQuality "1"]
[WhiteTeam "Jablonna Lotos"]
[BlackTeam "Chylice UKS Szachylice II"]
[WhiteTeamCountry "POL"]
[BlackTeamCountry "POL"]

1. Nf3 d5 2. c4 c6 3. b3 Nf6 4. Bb2 Bf5 5. d3 e6 6. Nbd2 Nbd7 7. g3 Bg6 8. Bg2 Be7 9. 0-0 0-0 10. Re1 Rc8 11. a3 a5 12. e4 dxc4 13. e5 c3 14. Bxc3 Nd5 15. Qc2 1/2-1/2

[Event "Mazowiec-chT op 0910"]
[Site "Mazowsze"]
[Date "2010.01.17"]
[Round "4.11"]
[White "Suliborski, Jakub"]
[Black "Nowak, Edward"]
[Result "1-0"]
[WhiteElo "1822"]
[BlackElo "1858"]
[PlyCount "111"]
[EventDate "2009.11.29"]
[EventType "team-tourn"]
[EventRounds "10"]
[EventCountry "POL"]
[SourceTitle "EXT 2011"]
[Source "ChessBase"]
[SourceDate "2010.11.26"]
[SourceVersion "1"]
[SourceVersionDate "2010.11.26"]
[SourceQuality "1"]

1. e4 Nf6 2. Nc3 d5 3. e5 Nfd7 4. d4 e6 5. f4 c5 6. Nf3 Nc6 7. Bb5 Qb6 8. Bxc6 bxc6 9. b3 Qa5 10. Bd2 Qc7 11. 0-0 cxd4 12. Nxd4 Bc5 13. Be3 h5 14. Kh1 Ba6 15. Rf3 Bxd4 16. Bxd4 c5 17. Bg1 g6 18. a4 Qc6 19. Qe1 0-0-0 20. Nb5 Kb8 21. Nd6 Rdf8 22. b4 Bc8 23. bxc5 f6 24. Qb4+ Ka8 25. exf6 Nxf6 26. Bd4 Rhg8 27. Be5 Nd7 28. Nb5 Nxe5 29. fxe5 Rxf3 30. gxf3 Rg7 31. Nd4 Qc7 32. Re1 Rf7 33. c6 Qb6 34. Qxb6 axb6 35. Rb1 Ka7 36. Nb5+ Ka6 37. Kg2 Ka5 38. Nd4 Re7 39. c3 Ba6 40. Kg3 g5 41. h4 Bd3 42. Rh1 g4 43. fxg4 Rg7 44. g5 Re7 45. Rd1 Be4 46. Kf4 Rf7+ 47. Ke3 Re7 48. Rg1 Bg6 49. Rf1 Be8 50. Rf6 Kxa4 51. Rxe6 Rxe6 52. Nxe6 Bxc6 53. g6 Be8 54. g7 Bf7 55. Ng5 Bg8 56. e6 1-0

[Event "Mazowiec-chT op 0910"]
[Site "Mazowsze"]
[Date "2009.12.13"]
[Round "2.15"]
[White "Nowak, Edward"]
[Black "Zajewski, Zbigniew"]
[Result "1-0"]
[WhiteElo "1858"]
[BlackElo "1899"]
[PlyCount "87"]
[EventDate "2009.11.29"]
[EventType "team-tourn"]
[EventRounds "10"]
[EventCountry "POL"]
[SourceTitle "EXT 2011"]
[Source "ChessBase"]
[SourceDate "2010.11.26"]
[SourceVersion "1"]
[SourceVersionDate "2010.11.26"]
[SourceQuality "1"]

1. c4 e5 2. Nc3 Nf6 3. g3 e4 4. Bg2 Qe7 5. Qc2 Nc6 6. Nxe4 d6 7. Nxf6+ Qxf6 8. Bxc6+ bxc6 9. Qe4+ Kd7 10. Nf3 g6 11. d3 h6 12. Qd4 Qxd4 13. Nxd4 Bg7 14. Nc2 Rb8 15. 0-0 Ke7 16. Kg2 Bd7 17. Rb1 c5 18. e4 Bc6 19. Ne3 Kd7 20. b3 f5 21. f3 Bd4 22. Nd5 Rbf8 23. Bb2 Bxb2 24. Rxb2 Bb7 25. b4 fxe4 26. fxe4 Rxf1 27. Kxf1 Rf8+ 28. Kg2 cxb4 29. Rxb4 Bc6 30. Nc3 a6 31. d4 a5 32. Rb2 Ba8 33. d5 c6 34. Na4 Kc7 35. Rf2 Rxf2+ 36. Kxf2 Bb7 37. Ke3 Bc8 38. Kd4 Bd7 39. Nb2 Bg4 40. Nd3 g5 41. e5 dxe5+ 42. Nxe5 Be2 43. Nxc6 Bg4 44. Nxa5 1-0

[Event "Mazowiec-chT op"]
[Site "Mazowsze"]
[Date "2009.01.11"]
[Round "1"]
[White "Kolinski, Daniel"]
[Black "Nowak, Edward"]
[Result "1-0"]
[WhiteElo "1721"]
[BlackElo "1870"]
[PlyCount "27"]
[EventDate "2009.01.11"]
[EventType "team-tourn"]
[EventRounds "10"]
[EventCountry "POL"]
[SourceTitle "EXT 2013"]
[Source "ChessBase"]
[SourceDate "2012.11.22"]
[SourceVersion "1"]
[SourceVersionDate "2012.11.22"]
[SourceQuality "1"]

1. e4 Nf6 2. Nc3 d5 3. e5 Ne4 4. Nxe4 dxe4 5. d4 exd3 6. Bxd3 Nc6 7. f4 e6 8. Be3 Be7 9. a3 Qd5 10. Qe2 Qa5+ 11. c3 a6 12. b4 Qa4 13. Bc2 Qb5 14. c4 1-0

[Event "Warsaw City-chB 61th"]
[Site "Warsaw"]
[Date "2008.09.29"]
[Round "3.9"]
[White "Nowak, Edward"]
[Black "Tomczyk, Ryszard"]
[Result "1/2-1/2"]
[WhiteElo "1913"]
[BlackElo "1604"]
[PlyCount "98"]
[EventDate "2008.09.27"]
[EventType "swiss"]
[EventRounds "9"]
[EventCountry "POL"]
[SourceTitle "EXT 2023"]
[Source "ChessBase"]
[SourceDate "2022.10.05"]
[SourceVersion "1"]
[SourceVersionDate "2022.10.05"]
[SourceQuality "1"]

1. c4 Nf6 2. Nc3 g6 3. g3 Bg7 4. Bg2 0-0 5. d4 d6 6. Nf3 b6 7. Qc2 Bb7 8. 0-0 Nc6 9. a3 Rb8 10. b4 Nd7 11. e3 e6 12. Bb2 Ne7 13. Rac1 a6 14. Rfd1 Nc8 15. d5 e5 16. e4 Ne7 17. Qd2 h6 18. Nh4 Kh7 19. Bh3 Bc8 20. Qe2 Nf6 21. Bxc8 Qxc8 22. Kg2 g5 23. Nf3 Ng6 24. Ng1 Ng8 25. Rc2 f5 26. exf5 Qxf5 27. Qe4 N8e7 28. Qxf5 Rxf5 29. Ne4 Rbf8 30. Bc1 g4 31. Be3 R5f7 32. c5 Nf5 33. cxd6 Nxe3+ 34. fxe3 cxd6 35. Nxd6 Rd7 36. Ne4 Rb8 37. d6 Rbb7 38. Rdc1 Nf8 39. Rc7 Ne6 40. Rxb7 Rxb7 41. Rc6 Nd8 42. Rc7 Kg6 43. Ne2 h5 44. Rxb7 Nxb7 45. N2c3 Kf5 46. a4 Ke6 47. a5 b5 48. Nc5+ Nxc5 49. bxc5 Bf8 1/2-1/2

[Event "POL-chT Mazovia 06/07 op"]
[Site "Poland"]
[Date "2007.01.07"]
[Round "6.26"]
[White "Wolski, Jaroslaw"]
[Black "Nowak, Edward"]
[Result "1/2-1/2"]
[WhiteElo "1892"]
[BlackElo "1911"]
[PlyCount "74"]
[EventDate "2006.10.22"]
[EventType "team-swiss"]
[EventRounds "10"]
[EventCountry "POL"]
[SourceTitle "EXT 2019"]
[Source "ChessBase"]
[SourceDate "2018.10.10"]
[SourceVersion "1"]
[SourceVersionDate "2018.10.10"]
[SourceQuality "1"]
[WhiteTeam "Jablonna Lotos"]
[BlackTeam "Legion Legionowo II"]
[WhiteTeamCountry "POL"]
[BlackTeamCountry "POL"]

1. e4 e6 2. d4 d5 3. Nc3 Bb4 4. e5 Ne7 5. Nf3 c5 6. a3 Bxc3+ 7. bxc3 Qc7 8. Bd3 Nbc6 9. 0-0 Bd7 10. a4 c4 11. Be2 0-0 12. Ba3 f6 13. Bd6 Qd8 14. Re1 Rf7 15. exf6 Rxf6 16. Qd2 Ng6 17. Qg5 Rf5 18. Qg3 Qf6 19. Bf1 Re8 20. Ne5 Ncxe5 21. dxe5 Qh4 22. Qe3 a6 23. g3 Qd8 24. a5 Rf7 25. f4 Ne7 26. Bg2 Nf5 27. Qc5 Nxd6 28. Qxd6 Bc6 29. Qc5 Qe7 30. Qd4 g5 31. Re3 gxf4 32. gxf4 Qh4 33. Rg3+ Rg7 34. Rxg7+ Kxg7 35. Rf1 Rf8 36. Kh1 Rf5 37. Kg1 Qh5 1/2-1/2

[Event "POL-chT Mazovia 06/07 op"]
[Site "Poland"]
[Date "2006.12.03"]
[Round "4.42"]
[White "Borowicz, Przemyslaw"]
[Black "Nowak, Edward"]
[Result "0-1"]
[WhiteElo "1822"]
[BlackElo "1911"]
[PlyCount "24"]
[EventDate "2006.10.22"]
[EventType "team-swiss"]
[EventRounds "10"]
[EventCountry "POL"]
[SourceTitle "EXT 2019"]
[Source "ChessBase"]
[SourceDate "2018.10.10"]
[SourceVersion "1"]
[SourceVersionDate "2018.10.10"]
[SourceQuality "1"]
[WhiteTeam "Grodzisk Polfa Mazowiecki III"]
[BlackTeam "Legion Legionowo II"]
[WhiteTeamCountry "POL"]
[BlackTeamCountry "POL"]

1. d4 Nf6 2. c4 c5 3. d5 e6 4. Nc3 exd5 5. cxd5 d6 6. e4 g6 7. Bg5 Bg7 8. Bd3 a6 9. a4 h6 10. Bh4 0-0 11. f4 Qc7 12. Qf3 Bg4 0-1

[Event "Mazowieckie-chT 0506"]
[Site "Poland"]
[Date "2005.11.06"]
[Round "3"]
[White "Nowak, Edward"]
[Black "Prazmowski, Wlodzimierz"]
[Result "1/2-1/2"]
[WhiteElo "1911"]
[BlackElo "1800"]
[PlyCount "130"]
[EventDate "2005.10.09"]
[EventType "team-tourn"]
[EventRounds "9"]
[EventCountry "POL"]
[SourceTitle "EXT 2019"]
[Source "ChessBase"]
[SourceDate "2018.10.10"]
[SourceVersion "1"]
[SourceVersionDate "2018.10.10"]
[SourceQuality "1"]

1. c4 e5 2. Nc3 Nf6 3. g3 c6 4. Nf3 d6 5. d3 h6 6. Bg2 Be6 7. 0-0 Nbd7 8. b3 Rb8 9. Bb2 d5 10. e3 Bd6 11. Qc2 0-0 12. Rac1 Qe7 13. Nd2 d4 14. exd4 exd4 15. Nce4 c5 16. b4 b6 17. b5 Bc7 18. Rce1 Rbe8 19. Nxf6+ Qxf6 20. Ne4 Qd8 21. f4 f5 22. Nf2 Nf6 23. Bc1 Re7 24. Re2 Rfe8 25. Rfe1 Bd7 26. Kf1 Kf8 27. Bf3 Rxe2 28. Rxe2 Rxe2 29. Qxe2 Qe7 30. Kg2 Qxe2 31. Bxe2 Bc8 32. Bf3 Kf7 33. h3 h5 34. a4 g6 35. Bd2 Kg7 36. Bc6 Ng8 37. Bc1 Kf6 38. Bd2 Kg7 39. Kf3 Nf6 40. Bc1 Kf7 41. Ba3 Kg7 42. Nd1 Nh7 43. a5 g5 44. axb6 axb6 45. Bc1 g4+ 46. hxg4 fxg4+ 47. Kf2 Kf6 48. Be8 Bf5 49. Nb2 Bg6 50. Bc6 Nf8 51. Bd2 Bh7 52. Ke2 Ne6 53. Nd1 h4 54. gxh4 Bxf4 55. Nf2 Bf5 56. Ne4+ Kg6 57. Be1 Bxe4 58. Bxe4+ Kh5 59. Bd5 Nf8 60. Bf7+ Ng6 61. Kf2 Kh6 62. Bxg6 Kxg6 63. Kg2 Kh5 64. Bg3 Bd2 65. Bc7 Ba5 1/2-1/2

[Event "Mazowieckie-chT 0405"]
[Site "Poland"]
[Date "2005.02.27"]
[Round "10"]
[White "Nowak, Edward"]
[Black "Kozerski, Zbigniew"]
[Result "0-1"]
[WhiteElo "1924"]
[BlackElo "2069"]
[PlyCount "92"]
[EventDate "2004.10.03"]
[EventType "team-tourn"]
[EventRounds "10"]
[EventCountry "POL"]
[SourceTitle "EXT 2019"]
[Source "ChessBase"]
[SourceDate "2018.10.10"]
[SourceVersion "1"]
[SourceVersionDate "2018.10.10"]
[SourceQuality "1"]

1. c4 e6 2. Nc3 d5 3. e3 c6 4. Nf3 f5 5. d4 Nf6 6. Be2 Be7 7. 0-0 0-0 8. b3 Ne4 9. Bb2 b6 10. Ne5 Bb7 11. f3 Nf6 12. Qc2 c5 13. Rad1 Nc6 14. cxd5 Nb4 15. Qb1 Nbxd5 16. Nxd5 Bxd5 17. Bc4 Qc7 18. Rc1 Qb7 19. Qd3 Bxc4 20. bxc4 Rad8 21. Kh1 Bd6 22. Qe2 Nd7 23. Rfd1 Be7 24. h3 Nxe5 25. dxe5 Qa6 26. Bc3 Qa4 27. f4 Rxd1+ 28. Rxd1 Rd8 29. Rxd8+ Bxd8 30. Kg1 Be7 31. g4 g6 32. gxf5 gxf5 33. Qg2+ Kf7 34. Qe2 Qc6 35. Qh5+ Kg7 36. Qe2 a6 37. Kh2 b5 38. Kg3 Qe4 39. cxb5 axb5 40. Bd2 c4 41. Qh5 Qc6 42. a3 Qd7 43. Bb4 Bxb4 44. axb4 Qe7 45. Qd1 Kg6 46. Qd2 Qa7 0-1